000 00328nam a2200145Ia 4500
008 150201s2012 xx 000 0 und d
082 _a611
_bH12C
100 _aCHAURASIA , B.D.
245 _aHUMAN ANATOMY
250 _a5TH
260 _bCBS
_aDELHI
_c2012
300 _a1-296
650 _aHUMAN ANATOMY
942 _2ddc
_cBK
_020
999 _c1429
_d1429